|
|
|
|
| LEADER |
00000nab a2200000 a 4500 |
| 001 |
vtls000131677 |
| 003 |
SK-MaSNL |
| 005 |
20260303032252.0 |
| 008 |
111104c1982 xo 0 slo |
| 015 |
|
|
|a SNBRB19rr/mm-uuuuu
|
| 035 |
|
|
|a CL0141783
|
| 040 |
|
|
|a SNKBUCL
|b slo
|c SNKBUCL
|e AACR2
|
| 041 |
0 |
|
|a slo
|
| 044 |
|
|
|a xo
|c SK
|
| 080 |
|
|
|a 343
|2 1981
|
| 100 |
1 |
|
|a Horváthová, Magdaléna
|4 aut
|9 770738
|
| 245 |
1 |
0 |
|a Rodinu nič nenahradí
|b V čom sú hlavné príčiny kriminality mládeže v Košiciach
|c Magdaléna Horváthová
|
| 650 |
0 |
7 |
|a mládež
|2 snkbucl
|9 1575
|
| 650 |
0 |
7 |
|a kriminalita
|2 snkbucl
|9 2180
|
| 651 |
|
7 |
|a 5403
|2 snkbucl
|9 893808
|
| 655 |
|
7 |
|a články z novín a časopisov
|2 snkbucl
|9 267496
|
| 773 |
0 |
|
|t Východoslovenské noviny
|g Roč. 31, č. 293 (18. 12. 1982), s. 5
|
| 850 |
|
|
|a Slovenská národná knižnica v Martine
|a MTA001
|
| 852 |
|
|
|a SNK
|b KIS3GCP
|
| 958 |
|
|
|a RK
|
| 992 |
|
|
|a RBX
|
| 999 |
|
|
|c 1663399
|d 1665329
|